| 000 | 00810nam a2200217 c 4500 | ||
|---|---|---|---|
| 005 | 20201216142718.0 | ||
| 008 | 201216b2015 be |||fr|||| 00| 0 eng d | ||
| 020 | _a9782802742821 | ||
| 040 |
_aCO-BoUCM _bspa _cDeissy Garcia _dDeissy Garcia |
||
| 041 | 0 | _afre | |
| 100 | 1 |
_aJaspart, Alice _9101948 |
|
| 245 | 1 | 0 |
_aAux rythmes de l'enfermement _benquête ethnographique en institution pour jeunes délinquants _cAlice Jaspart |
| 260 |
_aBélgica _bBruylant Edition _c2015 |
||
| 300 | _a296 páginas | ||
| 504 | _aIncluye referencias bibliográficas | ||
| 650 |
_aDelincuencia juvenil _zBélgica _9101949 |
||
| 650 |
_aRehabilitación de delincuentes juveniles _923390 |
||
| 650 |
_aCorreción de menores _9101950 |
||
| 942 |
_cLIBRO _2DEWEY _a5 _e1 _h364.36 _mJ394a _n0 |
||
| 999 |
_c317621 _d317621 |
||